000 00259nam a2200097Ia 4500
001 1228534
005 20250827093044.0
008 250824s9999 xx 000 0 und d
245 0 _aMETRO 2033
_cDMITRY GLUKHOVSKY
260 _bPANAMA YAYINLARI
999 _c1228534
_d1228534